[Event "Washington Class Championships"]
[Site "SeaTac City, WA"]
[Date "2011.11.27"]
[Round "5"]
[White "Dixon James  (WA)"]
[Black "Richards Jerrold  (WA)"]
[Result "1/2-1/2"]
[WhiteElo "1328"]
[BlackElo "1310"]
[Annotator ""]
[Source ""]
[Remark "C"]

1.e4 e6 2.d3 g6 3.Nf3 Bg7 4.Nbd2 d6 5.c3 Nf6 6.d4 Nbd7 7.Bd3
O-O 8.O-O b6 9.Re1 Bb7 10.Nf1 c5 11.Ng3 a6 12.Bg5 Qc7 13.h4 h5
14.Qc2 c4 15.Be2 b5 16.Bf4 e5 17.dxe5 dxe5 18.Bg5 Nc5 19.Bxf6
Bxf6 20.Ng5 Qe7 21.Qc1 Bxg5 22.Qxg5 Qxg5 23.hxg5 Bxe4 24.Nxe4
Nxe4 25.Bf3 Nxg5 26.Bxa8 Rxa8 27.Rxe5 Ne6 28.Rd1 Ra7 29.g3 Kg7
30.f4 Kf6 31.Red5 Rb7 {This may not be a true record. Had to figure 
out a few notation errors. May have guessed wrong. From this position, 
it seems obvious that White should not have taken a draw.}
1/2-1/2

[Event "Washington Class Championships"]
[Site "SeaTac City, WA"]
[Date "2011.11.25"]
[Round "2"]
[White "Le Blanc Paul  (CAN)"]
[Black "Kiiru Joseph  (WA)"]
[Result "1-0"]
[WhiteElo "1855"]
[BlackElo "1832"]
[Annotator ""]
[Source ""]
[Remark "A"]

1.d4 d5 2.c4 c6 3.Nf3 Nf6 4.Nc3 Nbd7 5.cxd5 cxd5 6.g3 Nb6 7.Bg2
Bf5  8.O-O h6 9.Bf4 Rc8 10.Rc1 a6 11.Qb3 g5 12.Be5 Bg7
13.a4 O-O 14.Nd2 e6 15.a5 Nbd7 16.Bd6 Re8 17.Qxb7 Nb8 18.Be5
Qxa5 19.Nb3 Qd8 20.Nc5 Re7 21.Qb3 Nfd7 22.Nb7 Qb6 23.Qxb6 Nxb6
24.Nd6 Rd8 25.Nxf5 exf5 26.Bxg7 Kxg7 27.e3 Rc7 28.Ra1 Rc4 29.Ra5
Rb4 30.Rb1 Nc4 31.Nxd5 Rxb2 32.Rxb2 Nxb2 33.Ne7 f4 34.Nf5+ Kh7
35.Be4 fxe3 36.fxe3 Rd7 37.Ra2 Nd1 38.Rc2 a5 39.Rc1 Nxe3 40.Nxe3+
Kg7 41.Rc8 Na6 42.Ra8 Nc7 43.Rxa5 Ne6 44.d5 Nd4 45.Nf5+ Nxf5
46.Bxf5 Rd6 47.Kf2 Kf6 48.Be4 Ke5 49.Bg2 f5 50.Rc5 Ra6 51.Rc2
h5 52.Rd2 Rd6 53.Re2+ Kf6 54.Re8 Rb6 55.Re2 Rd6 56.Rc2 Ke5 57.Rc6
Rd8 58.Ke3 f4+ 59.gxf4+ gxf4+ 60.Kd3 Ra8 61.Re6+ Kf5 62.Be4+
Kg4 63.Rg6+ Kh3 64.Rg2 Ra3+ 65.Kd4 h4 66.Rf2 Kg4 67.Ke5 f3 68.Bxf3+
Rxf3 69.Rxf3 Kxf3 70.d6 h3 71.d7 Kg2 72.d8Q Kg1 73.Kf4 Kxh2 1-0

[Event "Washington Class Championships"]
[Site "SeaTac City, WA"]
[Date "2011.11.26"]
[Round "4"]
[White "Dokjnas Joshua  (CAN)"]
[Black "Hendricks David  (WA)"]
[Result "0-1"]
[WhiteElo "1676"]
[BlackElo "1615"]
[Annotator ""]
[Source ""]
[Remark "B"]

1.e4 d6 2.d4 Nf6 3.Nc3 g6 4.Nf3 Bg7 5.Bc4 c6 6.Be3 b5 7.Bb3 b4
8.e5 dxe5  9.dxe5 Qxd1+ 10.Nxd1 Ng4 11.Bd4 e6 12.h3 Nh6
13.Ne3 Nd7 14.O-O-O {?} c5 15.Ba4 cxd4 16.Rxd4 Ke7 17.Bxd7 Bxd7
18.Rxb4 Rhb8 19.Rxb8 Rxb8 20.c4 Bc6 21.Nd4 Ba8 22.f4 Nf5 23.Ndxf5+
gxf5 24.Rd1 Rd8 25.Rxd8 Kxd8 26.b4 f6 27.exf6 Bxf6 28.g4 Bd4
29.Nc2 Bc3 30.gxf5 exf5 31.Ne3 Be4 32.b5 Kd7 33.c5 h5 34.a4 Bd4
35.c6+ Kc7 36.Nf1 Bf2 37.Kd2 h4 38.Ke2 Bb6 39.Ne3 Bxe3 40.Kxe3
Bg2 41.Kf2 Bxh3 42.Kg1 Bg4 43.Kh2 Bd1 44.a5 Be2 0-1

[Event "Washington Class Championships"]
[Site "SeaTac City, WA"]
[Date "2011.11.26"]
[Round "4"]
[White "Buck Stephen  (WA)"]
[Black "Mathews Dan  (WA)"]
[Result "0-1"]
[WhiteElo "1700"]
[BlackElo "1794"]
[Annotator ""]
[Source ""]
[Remark "B"]

1.c4 e6 2.Nf3 d5 3.cxd5 exd5 4.d4 Nf6 5.e3 Bb4+ 6.Bd2 Bxd2+ 7.Nbxd2
O-O 8.Bd3 Nc6 9.Rc1  Bg4 10.a3 a6 11.O-O Qd6 12.Qc2 h6
13.h3 Bxf3 14.Nxf3 Rfe8 15.Nd2 Re7 16.Nb3 Nd8 17.Nc5 c6 18.Rcd1
Ne6 19.Nxe6 Rxe6 20.Qb3 Re7 21.Rc1 Rae8 22.Qc2 Ne4 23.Bxe4 Rxe4
24.Rce1 f5 25.Qd2 Qe6 26.Re2 f4 27.f3 Rxe3 28.Rxe3 Qxe3+ 29.Qf2
Qxf2+ 30.Kxf2 Re3 31.Rd1 Rb3 32.Rd2 Kf7 33.g3 fxg3+ 34.Kxg3 Kf6
35.Kg4 g5 36.Kg3 h5 0-1

[Event "Washington Class Championships"]
[Site "SeaTac City, WA"]
[Date "2011.11.27"]
[Round "6"]
[White "Huston Drew  (WA)"]
[Black "Sims LeBron  (WA)"]
[Result "1/2-1/2"]
[WhiteElo "569"]
[BlackElo "1095"]
[Annotator ""]
[Source ""]
[Remark "E"]

1.e4 c5 2.Nf3 d6 3.d4 cxd4 4.Nxd4 Nf6 5.Nc3 a6 6.Bd3 Qa5 
7.Bf4 b5 8.O-O Bb7 9.Qe2 Nbd7 10.Rad1 e6 11.h4 b4 12.Nb1 e5 13.Bxe5
{??} ( 13.Nb3 ) dxe5 14.Nb3 Qb6 15.N1d2 Rc8 16.Nc4 Rxc4 17.Bxc4
Qc6 18.Rfe1 Nc5 19.Rd2 Ncxe4 20.Rd3 Nc3 {??} ( 20...Qb6 ) 21.Qf1
{??} ( 21.Qxe5+ Qe6 22.Qb8+ Bc8 
23.Qxc8+ Ke7 24.Qd8# {+299.97|d12 Shredder 9.11}
) Qxc4 22.Rd8+ Kxd8 23.Qxc4 Ncd5 24.Rxe5 Bd6 25.Re2 Bc8 26.Rd2
Re8 27.Rd1 Bd7 1/2-1/2

[Event "Washington Class Championships"]
[Site "SeaTac City, WA"]
[Date "2011.11.26"]
[Round "2"]
[White "Jung Hubert  (WA)"]
[Black "Zick David  (WA)"]
[Result "0-1"]
[WhiteElo "1941"]
[BlackElo "2097"]
[Annotator ""]
[Source ""]
[Remark "Expert"]

1.e4 Nf6 2.Nc3 d5 3.exd5 Nxd5 4.d4 Nxc3 5.bxc3 g6 6.Nf3 Bg7 7.Bc4
c5 8.O-O O-O 9.Ba3 b5  10.Bd3 Na6 11.Qe2 Qa5 12.Bb2 Bg4
13.Bxb5 Bxf3 14.gxf3 Rab8 15.a4 Nc7 16.c4 a6 17.Qxe7 cxd4 18.Ba3
axb5 19.Bd6 bxc4 20.Bxc7 Qa7 21.Bd6 Qxe7 22.Bxe7 Rfe8 23.Bc5
d3 24.Rad1 dxc2 25.Rd2 Rb2 26.Rc1 Bh6 27.Be3 Rxe3 28.Rdxc2 Re1+
0-1

[Event "Washington Class Championships"]
[Site "SeaTac City, WA"]
[Date "2011.11.26"]
[Round "3"]
[White "Doknjas John  (CAN)"]
[Black "Bartron Paul (WA)"]
[Result "1-0"]
[WhiteElo "1903"]
[BlackElo "2287"]
[Annotator ""]
[Source ""]
[Remark "Expert"]

1.d4 Nf6 2.c4 e6 3.Nc3 d5 4.Bg5 Be7 5.Nf3 O-O 6.e3 Ne4 7.Bxe7
Qxe7 8.cxd5 Nxc3 9.bxc3 exd5 10.Bd3 Nc6 11.Qc2 h6 12.O-O 
Bg4 13.Nd2 Qd7 14.f3 Be6 15.e4 Rad8 16.e5 Ne7 17.f4 Bf5 18.Rae1
Bxd3 19.Qxd3 Qf5 20.Qxf5 Nxf5 21.g4 Ne7 22.f5 Nc8 23.h4 Rfe8
24.g5 c5 25.f6 cxd4 26.cxd4 g6 27.h5 Kh7 28.hxg6+ Kxg6 29.gxh6
Rh8 30.Rf3 Rxh6 31.Re2 Kh7 32.Rg2 Rg8 33.Rxg8 Kxg8 34.Rg3+ Kh8
35.Rc3 Nb6 36.Rc7 Rh3 37.Rxb7 Kg8 38.Rb8+ Kh7 39.Rb7 Kg6 40.Rxa7
Rd3 41.Nb3 Nc4 42.Rd7 Rd1+ 43.Kf2 Rb1 44.Rxd5 Rb2+ 45.Kf3 Rxa2
46.Kf4 Rb2 47.Nc5 Re2 48.Ne4 Nb2 49.Rd8 Nd3+ 50.Kf3 Re1 51.Rg8+
Kf5 52.Rg5+ Ke6 53.Nc3 Nb4 54.Rg2 Kf5 1-0

[Event "Washington Class Championships"]
[Site "SeaTac City, WA"]
[Date "2011.11.27"]
[Round "6"]
[White "Doknjas John  (CAN)"]
[Black "Zick David  (WA)"]
[Result "0-1"]
[WhiteElo "1903"]
[BlackElo "2097"]
[Annotator ""]
[Source ""]
[Remark "Expert"]

1.d4 Nf6 2.c4 e6 3.Nc3 d5 4.Bg5 Nbd7 5.Nf3 Be7 6.e3 O-O 7.Bd3
c6 8.O-O dxc4 9.Bxc4 b5 10.Bd3 a6 11.Bxf6 Nxf6 12.Ne4
( 12.Ne4 Bd7 13.Rc1 Rc8 14.Nc5 Bxc5 15.Rxc5 Qb6 16.Qc2 Rc7 17.Rc1
Rfc8 18.Ne5 h6 19.a3 Be8 20.Be2 Nd5 21.e4 Ne7 22.Bf3 f6 23.Nd3
Bf7 24.Nb4 a5 25.Na2 Rd7 26.Rd1 Rcd8 27.Qc3 e5 28.d5 cxd5 29.exd5
Bxd5 30.Bxd5+ Rxd5 31.Rcxd5 Rxd5 32.Rxd5 Nxd5 33.Qb3 Qd4 34.Nc3
Kh8 35.Qxd5 Qf4 36.Qd1 b4 37.axb4 axb4 38.Ne2 Qc4 39.Nc1 e4 40.h3
{1-0, Dewald Christian - Wagner Peter (SUI), NRW (Germany) 1997} )
Bd7 13.Qc2 Kh8 14.Nc5 Be8 15.Ne5 Bxc5 16.Qxc5 Nd7 17.Nxd7 Bxd7
18.Be4 Qh4 19.Bf3 Rfc8 20.Rac1 Qd8 21.Rc2 Kg8 22.Rfc1 Be8 23.Qb4
Qb6 24.Rc5 Ra7 25.Qe1 Qc7 26.R1c2 Qd6 27.Qc1 Rac7 28.h3 Kf8 29.Qe1
Ra8 30.Qc3 Rac8 31.e4 Rd8 32.d5 exd5 33.exd5 b4 34.Qb3 Re7 35.Qxb4
cxd5 36.Bxd5 Re5 37.Bb7 Rb8 38.g3 Rxc5 39.Rxc5 Bc6 0-1

[Event "Washington Class Championships"]
[Site "SeaTac City, WA"]
[Date "2011.11.26"]
[Round "3"]
[White "Garcia Ricardo  (WA)"]
[Black "Lawrence Aaron  (WA)"]
[Result "1-0"]
[WhiteElo "1701"]
[BlackElo "1706"]
[Annotator ""]
[Source ""]
[Remark "A"]

1.d4 d5 2.c4 e6 3.Nf3 Nf6 4.Bg5 Be7 5.Nc3 h6 6.Bh4 Ne4 7.Bxe7
Nxc3 8.Bxd8 Nxd1 9.Rxd1 Kxd8 10.e3 b6  11.cxd5 exd5 12.Ne5
Rf8 13.b4 Bb7 14.Rc1 f6 15.Ng6 Re8 16.Be2 Nc6 17.a3 Ne7 18.Nf4
Kd7 19.O-O Rac8 20.Rc3 Kd6 21.Rfc1 c6 22.Kf1 Rc7 23.a4 a6 24.Nh5
Ng8 25.Bd3 b5 26.axb5 axb5 27.Bxb5 g6 28.Ng3 Rec8 29.Bd3 Ne7
30.e4 h5 31.h4 Ra8 32.exd5 Nxd5 33.Ne4+ Kd7 34.Nc5+ Ke7 35.Rb3
f5 36.Re1+ Kf6 37.Re6+ Kg7 38.Bc4 Ra1+ 39.Re1 Rxe1+ 40.Kxe1 Bc8
41.b5 Nb6 42.Bd3 cxb5 43.Bxb5 Kf6 44.Kd2 Nd5 45.Bc4 Nf4 46.g3
Ne6 47.Rb6 Rxc5 48.dxc5 Ke5 49.Bxe6 Bxe6 50.Rd6 Bf7 51.Ke3 Be8
52.f4# 1-0

[Event "Washington Class Championships"]
[Site "SeaTac City, WA"]
[Date "2011.11.26"]
[Round "4"]
[White "Lampman Becca  (WA)"]
[Black "He Daniel  (WA)"]
[Result "1-0"]
[WhiteElo "1885"]
[BlackElo "1950"]
[Annotator ""]
[Source ""]
[Remark "A"]

1.d4 Nf6 2.c4 e6 3.Nc3 Bb4 4.e3 b6 5.Bd3 Bb7 6.f3 Bxc3+ 7.bxc3
d6 8.Ne2 h6  9.O-O O-O 10.e4 c5 11.Bf4 Nh5 12.Be3 f5 13.Qd2
Qf6 14.e5 dxe5 15.dxc5 f4 16.Bf2 Qg5 17.Kh1 Nf6 18.Qc2 Nc6 {??}
( 18...e4 19.fxe4 bxc5 20.Rab1 Bc6 21.Nxf4 Qxf4 
22.Bxc5 Qe5 23.Bd4 Qh5 24.e5 Nfd7 25.c5 Qg4 
26.Rxf8+ {-0.43|d23 Shredder 9.11} ) 19.h4 e4 20.hxg5
exd3 21.Qxd3 hxg5 22.cxb6 Kf7 23.Kg1 Rh8 24.Bc5 Rad8 25.Qc2 Rh5
26.Kf2 Ne5 27.Rad1 Rdh8 28.Bd4 Nxc4 29.Bxf6 Kxf6 30.Qb3 Ne3 31.Rd6
Bd5 32.Rxd5 exd5 33.b7 1-0

[Event "Washington Class Championships"]
[Site "SeaTac City, WA"]
[Date "2011.11.25"]
[Round "2"]
[White "He Daniel  (WA)"]
[Black "Pitre H. G.  (WA)"]
[Result "1-0"]
[WhiteElo "1950"]
[BlackElo "1847"]
[Annotator ""]
[Source ""]
[Remark "A"]

1.e4 g6 2.d4 d6 3.Nf3 Nf6 4.Nbd2 Bg7 5.g3 Nc6 6.d5  Ne5
7.Nxe5 dxe5 8.Bg2 Bg4 9.Bf3 h5 10.h3 Bd7 11.c4 c6 12.Nb1 Qc7
13.Nc3 O-O 14.Bg2 Rad8 15.O-O Nh7 16.Be3 f5 17.Qb3 c5 18.exf5
Bxf5 19.Nb5 Qb6 20.Qa3 Rc8 21.Nxa7 e4 {?} 22.Nxc8 Rxc8 23.Rab1
Qd6 24.b4 b6 25.bxc5 bxc5 26.Qa7 Bd4 27.Qb6 Qe5 28.g4 hxg4 29.hxg4
Bxg4 30.Qxg6+ Qg7 31.Bxe4 Nf6 32.Qxg7+ Kxg7 33.Bxd4 cxd4 34.Bd3
Bf3 35.Kh2 Kf7 36.Rg1 Ng4+ 37.Kg3 Ne5 38.Bf5 Rxc4 39.Kf4 e6 40.Kxe5
exf5 41.Rb7+ Kf8 42.Ke6 ( 42.Kf6 Bh5 43.Rh7 Rc6+ 44.dxc6 Bf7 
45.Rh8+ Bg8 46.Rgxg8# {+299.95|d1 Shredder 9.11}
) Bg4 43.f3 1-0

[Event "Washington Class Championships"]
[Site "SeaTac City, WA"]
[Date "2011.11.26"]
[Round "4"]
[White "Campbell Tim  (WA)"]
[Black "Yu Justin  (WA)"]
[Result "1/2-1/2"]
[WhiteElo "1730"]
[BlackElo "1642"]
[Annotator ""]
[Source ""]
[Remark "A"]

1.e4 e5 2.Nf3 Nc6 3.d4 exd4 4.Nxd4 Bc5 5.Be3 Qe7 6.Nc3 Bb6 
7.Nd5 Qxe4 8.Nxb6 axb6 9.Nb5 Qe5 10.Qf3 Kd8 11.Qxf7 Nge7 12.c3
d6 13.Be2 Be6 14.Qf3 Rxa2 15.Rxa2 Bxa2 16.Bd4 Nxd4 17.cxd4 Qd5
18.Nc3 Qxf3 19.Bxf3 Bc4 20.Bxb7 c6 21.d5 cxd5 22.Kd2 Kc7 23.Re1
Re8 {?} 24.Bxd5 Bxd5 25.Nxd5+ Kd8 26.Nxb6 Rf8 27.f3 Rf5 28.Re6
Rb5 29.Rxd6+ Kc7 30.Nc4 Rxb2+ 31.Nxb2 Kxd6 32.Kd3 Ke5 33.g3 Kf5
34.Nc4 Nc6 35.f4 Nb4+ 36.Kc3 Nc6 37.h4 Ne7 1/2-1/2

[Event "Washington Class Championships"]
[Site "SeaTac City, WA"]
[Date "2011.11.26"]
[Round "4"]
[White "Colasurdo James  (WA)"]
[Black "Nill Matthew  (WA)"]
[Result "0-1"]
[WhiteElo "1784"]
[BlackElo "1766"]
[Annotator ""]
[Source ""]
[Remark "B"]

1.d4 Nf6 2.c4 g6 3.Nc3 Bg7 4.e4 d6 5.Nf3 O-O 6.Be2 c5 7.dxc5
dxc5 8.Qxd8 Rxd8 9.e5 Ne8 10.O-O ( 10.Be3 Na6 11.O-O h6 12.Rfd1
Bd7 13.Nb5 b6 14.Rd2 Bxb5 15.cxb5 Nac7 16.Rad1 Ne6 17.Bc4 N8c7
18.a4 Kf8 19.b3 Ke8 20.Kf1 Rxd2 21.Rxd2 g5 22.h3 Nf8 23.Ke2 Ng6
24.Bd3 Rd8 25.Bxg6 fxg6 26.Rxd8+ Kxd8 27.Kd3 Kd7 28.Ke4 Ke6 29.Bd2
Kf7 30.b4 e6 31.bxc5 bxc5 32.Kd3 Nd5 33.a5 Bf8 34.Kc4 Ke8 35.Ne1
Kd7 36.Nd3 Kc7 37.Nxc5 Bxc5 38.Kxc5 Ne7 39.b6+ axb6+ 40.axb6+
Kd7 41.Ba5 Nc6 42.b7 {1-0, Skacel Jan (CZE) 2098 - Trojan Lubos (CZE) 2062, Czech Republic 1995}
) Nc6 11.Bf4 Bg4 12.Rfe1 e6 13.h3 Bxf3 14.Bxf3 Nd4 15.Be4 Rab8
16.Rad1 Rd7 17.Nb5 Ne2+ 18.Rxe2 Rxd1+ 19.Kh2 a6 20.Nc3 Rd4 21.b3
b6 22.Be3 Rdd8 23.f4 Nd6 24.g4 Nxe4 25.Nxe4 Rd7 26.h4 Rbd8 27.b4
cxb4 28.Bxb6 Rb8 29.c5 Rc8 30.Nd6 Rc6 31.Kg3 Bf8 32.Rd2 a5 33.Kf3
f5 34.g5 a4 35.Rd4 b3 36.axb3 axb3 37.Rb4 Bxd6 38.exd6 Rb7 39.Rxb3
{?!} ( 39.Ke3 ) Rxc5 40.Bxc5 {??} ( 40.Rd3 Rxb6 41.d7 Rb8 42.d8Q+
Rxd8 43.Rxd8+ {=} ) Rxb3+ 41.Ke2 Rb7 42.Kd3 Kf7 43.Kc4 Ke8 44.Bb4
Kd7 45.Ba3 Rb1 46.Kd4 Re1 47.Kd3 Re4 48.Bc1 Kxd6 49.Be3 Kd5 50.Bc1
Re1 51.Bb2 Rh1 52.Be5 Rxh4 53.Ke3 Rh3+ 54.Kf2 Ke4 55.Kg2 Rf3
56.Bd6 Rxf4 0-1

[Event "Washington Class Championships"]
[Site "SeaTac City, WA"]
[Date "2011.11.26"]
[Round "4"]
[White "Tocher Andrew  (WA)"]
[Black "Dodd Edwin  (WA)"]
[Result "0-1"]
[WhiteElo "1004"]
[BlackElo "1179"]
[Annotator ""]
[Source ""]
[Remark "E"]

1.Nf3 Nf6 2.d4 g6 3.e3 Bg7 4.Bc4 O-O 5.O-O d5 6.Bd3 Nc6 
7.Nc3 Re8 8.Bd2 e5 9.dxe5 Nxe5 10.Nxe5 Rxe5 11.Nb5 a6 12.Nd4
c5 13.Nf3 Bg4 14.Be2 Bxf3 15.Bxf3 Ne4 16.Bxe4 dxe4 17.Bc3 Re8
18.Bxg7 Kxg7 19.Qe2 Qf6 20.c3 b5 21.Rad1 Qe5 22.Rd2 c4 23.Rfd1
f5 24.Rd5 Qf6 25.Rd6 Re6 26.Rd7+ Re7 27.Qd2 Kh6 28.Qd5 Rae8 29.Qb7
Rd8 30.R1d4 Rexd7 31.Rxd7 Rxd7 32.Qxd7 Qb6 33.g4 Qf6 34.h3 f4
35.Qd4 Qxd4 36.exd4 Kg7 37.g5 Kf7 38.h4 Ke6 39.Kg2 Kd5 40.b4
{??} ( 40.Kh3 e3 41.fxe3 fxe3 42.Kg2 Ke4 43.Kf1 
b4 44.Ke2 {+0.00|d24 Shredder 9.11} ) cxb3
41.axb3 a5 42.Kf1 a4 43.bxa4 bxa4 44.c4+ Kxc4 45.d5 Kxd5 46.h5
a3 47.h6 a2 48.f3 a1Q+ 49.Kg2 e3 50.Kh3 e2 51.Kg2 e1Q 52.Kh2
Qg1+ 53.Kh3 Qg3# 0-1

[Event "Washington Class Championships"]
[Site "SeaTac City, WA"]
[Date "2011.11.26"]
[Round "4"]
[White "Farny Andreas  (WA)"]
[Black "Chalasani Sujatha  (WA)"]
[Result "1-0"]
[WhiteElo "738"]
[BlackElo "1139"]
[Annotator ""]
[Source ""]
[Remark "E"]

1.d4 d5 2.c4 e6 3.Nf3 Nf6 4.Nc3 c5 5.dxc5 Bxc5 6.e3 Nc6 7.Bd2
 O-O 8.Be2 Bd7 9.Qb3 b6 10.cxd5 exd5 11.Nxd5 Be6 12.Nxf6+
Qxf6 13.Bc3 Bxb3 14.Bxf6 Nb4 15.Bxg7 Kxg7 16.Rc1 Be7 17.axb3
Rac8 18.O-O Kh8 19.Nd4 Bf6 20.Rc4 Rxc4 21.bxc4 Bxd4 22.exd4 Re8
23.Bf3 Nd3 24.b3 Rd8 25.d5 Nc5 26.Ra1 Re8 27.h3 Nxb3 28.Rxa7
Nd2 29.Rxf7 Nxc4 30.Bh5 Rd8 31.Rc7 Rxd5 32.Bf7 Rd1+ 33.Kh2 Ne5
34.Rb7 Rd7 35.Rxd7 Nxd7 36.Kg3 Kg7 37.Ba2 Kf6 38.Kf4 Ne5 39.Bb1
h6 40.g4 b5 41.Ke4 Nc4 42.Bd3 Kg5 43.f4+ Kf6 44.Bxc4 bxc4 45.Kd4
Kg6 46.Kxc4 h5 47.Kd5 hxg4 48.hxg4 Kf6 49.Kd6 Kg6 50.Ke7 Kh6
51.f5 Kg5 52.f6 Kxg4 53.f7 Kh3 54.f8Q Kh2 55.Qg7 Kh1 56.Kf6 Kh2
57.Kf5 Kh3 58.Kf4 1-0

[Event "Washington Class Championships"]
[Site "SeaTac City, WA"]
[Date "2011.11.26"]
[Round "4"]
[White "Golden Richard  (WA)"]
[Black "Davis Frederick  (WA)"]
[Result "1-0"]
[WhiteElo "1657"]
[BlackElo "1596"]
[Annotator ""]
[Source ""]
[Remark "B"]

1.e4 c5 2.d4 cxd4 3.c3 dxc3 4.Nxc3 Nc6 5.Nf3 e6 6.Bc4 a6 7.O-O
Bc5 8.Qe2 Nge7 9.Bg5 O-O 10.Rfd1 Qc7 11.Rac1 d6 12.Bf4 
Ng6 13.Bg3 b5 14.Bb3 Bb7 15.Nxb5 axb5 16.Rxc5 Nd4 17.Rxd4 Qxc5
18.Bxd6 Qc1+ 19.Rd1 Qc6 20.Bxf8 Kxf8 21.Qd2 Qxe4 22.Bc2 Qc6 23.Bxg6
hxg6 24.a3 Rc8 25.Qg5 Qe8 26.Ne5 Kg8 27.Qg3 Rd8 28.Qb3 Bd5 29.Qd3
Rc8 30.h3 Bc4 31.Nxc4 Rxc4 32.b3 Rc8 33.b4 Ra8 34.Rc1 Rd8 35.Qe2
Rd5 36.Rc5 Rxc5 37.bxc5 Qc6 38.Qe5 Kf8 39.Qb8+ Ke7 40.Qa7+ Ke8
41.Kf1 Qd5 42.Kg1 Qc6 43.f3 Kd8 44.Qb8+ Kd7 45.Qf8 Qd5 46.Qxf7+
Kc6 47.Qe8+ Qd7 48.Qxg6 Kxc5 49.Qc2+ Kb6 50.Qb2 Qd6 51.h4 e5
52.Kf2 Qd4+ 53.Qxd4+ exd4 54.Ke2 Ka5 55.g4 Ka4 56.h5 Kxa3 57.g5
b4 58.h6 gxh6 59.gxh6 b3 60.h7 b2 61.h8Q d3+ 62.Kd2 b1Q 63.Qa8+
Kb3 64.Qb8+ Ka2 65.Qxb1+ Kxb1 66.Kxd3 1-0

[Event "Washington Class Championships"]
[Site "SeaTac City, WA"]
[Date "2011.11.27"]
[Round "5"]
[White "Chalasani Sujatha  (WA)"]
[Black "Naess Sara  (WA)"]
[Result "1-0"]
[WhiteElo "1139"]
[BlackElo "1012"]
[Annotator ""]
[Source ""]
[Remark "E"]

1.d4 d5 2.c4 c6 3.e3 Bf5 4.Nc3 Nf6 5.Nf3 g6 6.Be2 Bg7 7.O-O O-O
8.Re1  Nbd7 9.Bd3 Bxd3 10.Qxd3 Re8 11.e4 dxe4 12.Nxe4
e5 13.dxe5 Nxe5 {?!} ( 13...Nxe4 14.Qxe4 
Nxe5 15.Rf1 Nd3 16.Qg4 Qe7 17.Rb1 Qe2 18.Qg3 
Rad8 19.Bg5 {-1.55|d22 Shredder 9.11} )
14.Nxe5 Qxd3 15.Nxf6+ Bxf6 16.Nxd3 Rxe1+ 17.Nxe1 Rd8 18.Be3 Bxb2
19.Rb1 Be5 20.Nf3 Bc7 21.g3 b6 22.c5 Rb8 23.Nd4 Rb7 24.Nxc6 Kf8
25.cxb6 Bxb6 26.Bxb6 Rxb6 27.Rxb6 axb6 28.Ne5 Ke7 29.a4 f5 30.Nc4
Kd7 31.Nxb6+ Kc6 32.Nc4 Kc5 33.a5 Kb5 34.Kg2 g5 35.Kf3 h5 36.h3
g4+ 37.hxg4 fxg4+ 38.Kf4 h4 39.gxh4 g3 40.fxg3 Kxc4 41.a6 Kd3
42.a7 Ke2 43.a8Q Kf2 44.Qf3+ Kg1 45.Qe2 Kh1 46.Kf3 Kg1 47.Qg2# 1-0

[Event "Washington Class Championships"]
[Site "SeaTac City, WA"]
[Date "2011.11.26"]
[Round "2"]
[White "Campbell Tim  (WA)"]
[Black "Pyle Galen  (OR)"]
[Result "0-1"]
[WhiteElo "1730"]
[BlackElo "1873"]
[Annotator ""]
[Source ""]
[Remark "A"]

1.e4 c5 2.Nf3 d6 3.d4 cxd4 4.Qxd4 Nc6 5.Bb5 Qa5+ 6.Nc3 Bd7 7.Bxc6
bxc6 8.O-O e5 9.Qd3 Be7 10.Bg5 ( 10.Bg5 f6 11.Be3 Be6 12.Rfd1
Rd8 13.a3 d5 14.b4 Qc7 15.exd5 cxd5 16.Qb5+ Qd7 17.Nxd5 Qxb5
18.Nc7+ Kf7 19.Nxb5 a6 20.Rxd8 Bxd8 21.Nd6+ Kg6 22.Nh4+ Kh5 23.Nhf5
Kg6 24.Rd1 Ne7 25.Nh4+ Kh5 26.Nf3 Bc7 27.Ne4 Rd8 28.Rxd8 Bxd8
29.h3 Bc7 30.Kf1 f5 31.Nc5 Bc4+ 32.Ke1 f4 33.Bc1 a5 34.Bb2 axb4
35.axb4 Nc6 36.Bc3 g5 37.Nd7 Bd5 {1-0, Reichstein Hans-Joerg (GER) 2091 - Scharping Hans-Martin (GER) 2125, Germany 2002}
) Nf6 11.a3 Qc7 12.Nd2 h6 13.Bxf6 gxf6 14.f4 Rd8 15.Nc4 Be6 16.f5
Bc8 17.Ne3 Qb6 18.Qd2 d5 19.exd5 cxd5 20.Ncxd5 Rxd5 21.Qxd5 Qxe3+
22.Kh1 Qc5 23.Qb3 O-O 24.Rae1 Rd8 25.Re4 Bxf5 26.Qg3+ Bg6 27.h4
Kh7 28.Rg4 f5 29.Ra4 Qb5 30.Rxa7 Qxf1+ 31.Kh2 Rd1 32.Qc3 Qh1+
33.Kg3 Bxh4+ 34.Kf3 Bh5+ 35.Ke3 Qg1# 0-1

[Event "Washington Class Championships"]
[Site "SeaTac City, WA"]
[Date "2011.11.26"]
[Round "3"]
[White "Marriott Peter  (WA)"]
[Black "He Daniel  (WA)"]
[Result "1/2-1/2"]
[WhiteElo "1937"]
[BlackElo "1950"]
[Annotator ""]
[Source ""]
[Remark "A"]

1.d4 Nf6 2.c4 e6 3.Nc3 Bb4 4.f3 O-O 5.e3 d6 6.Bd3 e5
( 6...e5 7.d5 Nbd7 8.e4 Nc5 9.Nge2 Nh5 10.Be3 f5 11.Bxc5 Bxc5
12.Qc2 Qg5 13.exf5 Qe3 14.Kd1 Bd7 15.Qd2 Qf2 16.Ng3 Nf4 17.Qxf2
Bxf2 18.Bf1 Bd4 19.Kc2 a6 20.Rd1 Rab8 21.Nge4 b5 22.Ne2 Nxe2
23.Bxe2 bxc4 24.Rxd4 exd4 25.Bxc4 Bxf5 26.Bd3 Rb6 27.Rd1 c5 28.dxc6
Rxc6+ 29.Kb1 d5 30.Nf2 Bxd3+ 31.Nxd3 Re8 32.a3 Rce6 33.Ka2 Rb8
34.Nf4 Reb6 35.Rd2 Kf7 36.Nxd5 Rh6 37.Rxd4 Rxh2 38.Ne3 Re8 39.Nc4
Re2 40.g4 Ke7 41.Kb3 Rhf2 42.Rf4 g6 43.Ka4 Re6 44.g5 Rg2 45.Rh4
Rxg5 46.Rxh7+ Kf6 47.Rd7 Rf5 48.Nd2 Kg5 49.b4 Kf4 50.Rd3 Kg3
51.Nb3 Ref6 52.Nd4 Rh5 53.Kb3 Kf2 54.Kc4 Rf8 55.Rd2+ Kf1 56.a4
Rh4 57.b5 Rxf3 58.bxa6 Rf6 59.a5 Rxa6 60.Kb5 Rf6 61.Nb3 Rh3 62.Nc5
Ra3 63.a6 g5 64.Rd4 Rf5 65.Rc4 Kg2 66.Kb6 Kh3 67.Ra4 Rf6+ 68.Kb5
Rxa4 69.Nxa4 g4 70.a7 Rf8 71.Nc3 g3 72.Ne2 g2 73.Ng1+ Kh2 74.Ne2
Re8 75.Nd4 Kg3 76.Ne2+ Rxe2 77.a8Q g1Q 78.Qb8+ Kg2 79.Qa8+ Kf1
80.Qf3+ Ke1 81.Qc3+ Kf2 82.Qf6+ Kg2 83.Qc6+ Kf1 84.Qf6+ Ke1 85.Qc3+
Kf1 86.Qc1+ Re1 87.Qc4+ Re2 88.Qc1+ Kg2 89.Qc6+ Kf1 90.Qc1+ Kf2
91.Qf4+ Kg2 92.Qg4+ Kf1 93.Qf3+ Rf2 94.Qd1+ Kg2 95.Qg4+ Kh1 96.Qh5+
Qh2 97.Qd1+ Kg2 98.Qd5+ Kg1 99.Qd1+ Rf1 100.Qd4+ Qf2 101.Qg4+
Qg2 102.Qd4+ Rf2 103.Qe3 Qd5+ 104.Kb6 Kg2 {0-1, Abrahams Gerald (ENG) - Wood Gabriel, Nottingham (England) 1946}
) 7.Nge2 Qe7 8.O-O Bxc3 ( 8...b6 9.Nd5 Nxd5 10.cxd5 Ba5 11.a3
b5 12.Bxb5 Bb7 13.e4 f5 14.exf5 Rxf5 15.Bd3 Rf7 16.Qc2 g6 17.Be4
exd4 18.Nf4 Bb6 19.Kh1 Qe5 20.g3 Nd7 21.Bd2 Nc5 22.Rae1 Nxe4
23.Rxe4 Qf5 24.g4 Qd7 25.Qb3 c5 26.Rfe1 Rc8 27.Qc4 Bd8 28.Re8+
Rf8 29.Rxf8+ Kxf8 30.Ne6+ Kg8 31.Bg5 Qf7 32.f4 Bxg5 {0-1, Heubusch Michael 2210 - Kreuzer Helmut (GER) 2072, Germany 1994}
) 9.Nxc3 Rd8 10.d5 a5 11.e4 Na6 12.a3 Bd7 13.Be3 Nh5 14.b3 Rf8
15.g4 Nf4 16.Bxf4 exf4 17.Ne2 Qe5 18.Qd2 Nc5 19.Bc2 g6 20.Qd4
f6 21.b4 Na6 22.Rfb1 Rfb8 23.Qxe5 fxe5 24.Nc3 Kf7 25.b5 Nc5 26.b6
c6 27.Rb2 Ke7 28.Rd1 h5 29.h3 Rh8 30.Rd2 Rh6 31.Na4 Nxa4 32.Bxa4
Rah8 33.dxc6 Bxc6 34.Bxc6 bxc6 35.b7 Rb8 36.Rb6 Kd7 37.Rdb2
( 37.g5 ) hxg4 38.hxg4 Rh3 39.Kg2 Rg3+ 40.Kf2 Rh3 1/2-1/2

[Event "Washington Class Championships"]
[Site "SeaTac City, WA"]
[Date "2011.11.26"]
[Round "1"]
[White "Yu Justin  (WA)"]
[Black "Lawrence Aaron  (WA)"]
[Result "1/2-1/2"]
[WhiteElo "1642"]
[BlackElo "1706"]
[Annotator ""]
[Source ""]
[Remark "A"]

1.e4 c6 2.d4 d5 3.Nc3 dxe4 4.Nxe4 h6 5.Nf3 Bf5 6.Ng3 Bh7 
7.Bd3 Bxd3 8.Qxd3 Nf6 9.c3 Nbd7 10.O-O e6 11.Re1 Be7 12.Bf4
O-O ( 12...Rc8 13.Be5 Nxe5 14.Nxe5 O-O 15.Qe2 Bd6 16.Nh5 Nxh5
17.Qxh5 Rc7 18.Re3 c5 19.Rg3 Kh7 20.Rh3 Bxe5 21.Qxe5 cxd4 22.cxd4
Rd7 23.Rd1 Qe7 24.Re3 Rfd8 25.d5 Qc5 26.Rc3 Rxd5 27.Rxd5 Rxd5
28.Qe4+ f5 29.Qe2 Qb5 30.Qc2 Re5 31.g4 Qd5 32.f3 Re1+ 33.Kf2
Rd1 34.Ke2 Rh1 35.Ke3 Qe5+ 36.Kd3 Rxh2 37.Qa4 Qd5+ 38.Qd4 Rd2+
{0-1, Avila Sanchez Miguel Angel - Marti Reig Francisco, Alzira (Spain) 2004.12.11}
) 13.Ne4 Nxe4 14.Qxe4 Nf6 ( 14...Nf6 15.Qc2 Re8 16.Re2 Qb6 17.Ne5
c5 18.Be3 Qc7 19.Rd1 Rac8 20.Bf4 Nh5 21.Bc1 Bd6 22.Nf3 Nf6 23.h3
cxd4 24.Nxd4 a6 25.Red2 Red8 26.Rd3 Rd7 27.Qe2 Rcd8 28.Qf3 Be7
{1/2-1/2, Yeh Albert (USA) 2120 - Sarkisian Drew J (USA) 2132, Dallas (USA) 2002}
) 15.Qc2 c5 16.Rad1 cxd4 17.Rxd4 Qb6 18.Ne5 Rfd8 19.Red1 Rxd4
20.Rxd4 Rd8 21.Be3 Qc7 22.Rxd8+ Qxd8 23.Qb3 Qc7 24.Bd4 Bd6 
25.f4 Nd5 26.g3 Bc5 27.Qc4 Bxd4+ 28.Qxd4 Qb6 29.Qxb6 Nxb6 30.Kf2 Kf8
31.Ke2 Ke7 32.Kd3 f6 33.Nf3 Kd6 34.b3 Nd7 35.Nd4 a6 1/2-1/2